Improcedencia de la acción de inconstitucionalidad contra el presupuesto de egresos del Distrito Federal /

La serie "Debates del Pleno" reúne los debates que en torno a asuntos particulares se han discutido en la Suprema Corte de Justicia de la Nación. En cada volumen se incluyen las opiniones vertidas en cada sesión en que revisó el asunto, la votación, la declaratoria, la sentencia, los votos particula...

Fuld beskrivelse

Guardado en:
Bibliografiske detaljer
Format: Bog
Sprog:spansk
Udgivet: México : Suprema Corte de Justicia de la Nación, 1999, c1999
Serier:(Debates del Pleno ; 20)
Fag:
Tags: Tilføj Tag
Ingen Tags, Vær først til at tagge denne postø!

MARC

LEADER 00000nam^a2200000^a^4500
001 000105877
005 20250521000000.0
009 20260310093516.561
020 |a 968-5153-01-9 
037 |a Acervo ITESO - Biblioteca 
041 |a ESP 
082 |a 348. 72  |b SEM S. 9-d V. 20 1999 
245 1 0 |a Improcedencia de la acción de inconstitucionalidad contra el presupuesto de egresos del Distrito Federal / 
264 4 |a México :  |b Suprema Corte de Justicia de la Nación,  |c 1999, c1999 
300 |a 178 p. 
336 |a texto  |b txt  |2 rdacontenido 
337 |a sin mediación  |b n  |2 rdamedio 
338 |a volumen  |b nc  |2 rdasoporte 
440 1 |a (Debates del Pleno ;  |v 20) 
520 |a La serie "Debates del Pleno" reúne los debates que en torno a asuntos particulares se han discutido en la Suprema Corte de Justicia de la Nación. En cada volumen se incluyen las opiniones vertidas en cada sesión en que revisó el asunto, la votación, la declaratoria, la sentencia, los votos particulares o minoritarios y las tesis que se generaron. 
649 |a XX 
650 |a Recurso de Inconstitucionalidad -  |z México 
650 |a Presupuesto Público -  |z México (D.F.) -  |x Historia -  |y 1994-2000 
650 |a Finanzas Públicas -  |z México 
650 |a Derecho -  |z México 
650 |a Jurisprudencia -  |z México 
650 |a Suprema Corte de Justicia de la Nación -  |z México 
910 |a Fondo General 
920 |a Impresos - Libros 
930 |a Colección General 
905 |a 101 
901 |a 0500041814  |b IT1  |c ACC  |u 20250521 
901 |a 0500103198  |b IT1  |c ACC  |u 20250521 
902 |a https://opac.biblio.iteso.mx/vufind/Record/000105877